MARC

LEADER 00000nam0a2200000 4500
001 68239
005 20231031074657.0
010 |a 5217009896 
035 |a (RuTPU)RU\TPU\book\72657 
090 |a 68239 
100 |a 20041004d1990 km y0rusy50 ca 
101 0 |a rus 
102 |a RU 
105 |a a z 001zy 
200 1 |a Обработка визуальной информации  |f Г. П. Катыс 
210 |a Москва  |c Машиностроение  |d 1990 
215 |a 320 с.  |c ил. 
320 |a Библиогр.: с. 305-318. 
610 1 |a информатика 
610 1 |a информация 
610 1 |a изображения 
610 1 |a оптико-электронные приборы 
610 1 |a обработка 
610 1 |a визуальная информация 
610 1 |a машинное видение 
610 1 |a оптико-электронные анализаторы 
675 |a 681.3.01  |v 3 
700 1 |a Катыс  |b Г. П.  |g Георгий Петрович 
801 1 |a RU  |b 63413507  |c 20041004  |g PSBO 
801 2 |a RU  |b 63413507  |c 20160711  |g PSBO 
942 |c BK